000 00302nam a2200121Ia 4500
008 191201s2007 xx 000 0 und d
100 _aSILBERSCHATZ, Abraham
245 0 _aOperating System Principles
260 _aN. delhi
_bWiley India
_c2007
300 _a896
650 _aB.Tech(CSE)
942 _2ddc
_cBK
999 _c334
_d334